Statistics for Mission: Impossible Actors and Directors

Click here to take the quiz!

General Stats

  • This quiz has been taken 215 times
    (50 since last reset)
  • The average score is 35 of 71

Answer Stats

RoleMission: Impossible% Correct
Ethan HuntTom Cruise
100%
Ethan HuntTom Cruise
100%
Ethan HuntTom Cruise
100%
Ethan HuntTom Cruise
100%
Ethan HuntTom Cruise
100%
Ethan HuntTom Cruise
100%
Ethan HuntTom Cruise
100%
BenjiSimon Pegg
82%
BenjiSimon Pegg
82%
BenjiSimon Pegg
82%
BenjiSimon Pegg
82%
BenjiSimon Pegg
82%
BrandtJeremy Renner
75%
BrandtJeremy Renner
75%
IlsaRebecca Ferguson
75%
Luther
Ving Rhames
73%
LutherVing Rhames
70%
LutherVing Rhames
70%
LutherVing Rhames
70%
LutherVing Rhames
70%
LutherVing Rhames
70%
LutherVing Rhames
70%
IlsaRebecca Ferguson
68%
IlsaRebecca Ferguson
68%
August WalkerHenry Cavill
66%
IMF Sec. HunleyAlec Baldwin
57%
IMF Sec. HunleyAlec Baldwin
57%
Owen DavianPhilip Seymour Hoffman
57%
Director (film)Christopher McQuarrie
55%
Director (film)Christopher McQuarrie
55%
Director (film)Christopher McQuarrie
55%
Director (film)John Woo
55%
JuliaMichelle Monaghan
48%
JuliaMichelle Monaghan
48%
JuliaMichelle Monaghan
48%
Director (film)Brian De Palma
45%
GraceHayley Atwell
45%
Director (film)J.J. Abrams
45%
White WidowVanessa Kirby
45%
White WidowVanessa Kirby
45%
IMF Sec. PhelpsJon Voight
43%
NyahThandie Newton
36%
Zhen LeiMaggie Q
34%
Director (film)Brad Bird
32%
Sean AmbroseDougray Scott
32%
SabineLea Seydoux
32%
JanePaula Patton
32%
ParisPom Klementieff
32%
LaneSean Harris
32%
LaneSean Harris
32%
Erica SloanAngela Bassett
30%
IMF Sec. SwanbeckAnthony Hopkins
30%
KittridgeHenry Czerny
30%
IMF Sec. KittridgeHenry Czerny
30%
IMF Sec. BrasselLaurence Fishburne
30%
MaxVanessa Redgrave
27%
KriegerJean Reno
25%
SarahKristen Scott Thomas
23%
IMF SecretaryTom Wilkinson
23%
McCloyBrendan Gleeson
20%
JackEmilio Estevez
20%
John MusgraveBilly Crudup
18%
LindseyKeri Russell
18%
ClaireEmmanuelle Beart
16%
GabrielEsai Morales
16%
DeclanJonathan Rhys Meyers
16%
HanawayJosh Holloway
11%
HendricksMichael Nyqvist
11%
HughRichard Roxburgh
11%
Mandatory CameoGreg Grunberg
2%
PatrickWes Bentley
2%

Score Distribution

Percentile by Number Answered

Percent of People with Each Score

Your Score History

You have not taken this quiz since the last reset